000
00268nam a2200121 a 4500
008
100923s1975|||| d
245
1
0
_a
KmÃni
100
1
_a
Faulkner, William
260
_b
Pravda
_a
Bratislava
_c
1975
020
_c
28
044
_a
xo
_c
SK
041
_a
slo
999
_c
10659
_d
10659